ਅਰਦਾਸ : (Record no. 111057)
[ view plain ]
| 000 -LEADER | |
|---|---|
| fixed length control field | 00841nam a22002057a 4500 |
| 005 - DATE AND TIME OF LATEST TRANSACTION | |
| control field | 20170123164201.0 |
| 010 ## - LIBRARY OF CONGRESS CONTROL NUMBER | |
| LC control number | A-509718 |
| 020 ## - INTERNATIONAL STANDARD BOOK NUMBER | |
| Terms of availability | 75.00 |
| 035 ## - SYSTEM CONTROL NUMBER | |
| System control number | A-509718 |
| 040 ## - CATALOGING SOURCE | |
| Original cataloging agency | DPL |
| Language of cataloging | PN |
| 082 ## - DEWEY DECIMAL CLASSIFICATION NUMBER | |
| Classification number | 260 |
| Item number | ਨੇਕੀਜ |
| 100 ## - MAIN ENTRY--PERSONAL NAME | |
| Personal name | ਨੇਕੀ, ਜਸਵੰਤ ਸਿੰਘ |
| 9 (RLIN) | 133856 |
| 245 ## - TITLE STATEMENT | |
| Title | ਅਰਦਾਸ : |
| Statement of responsibility, etc | ਜਸਵੰਤ ਸਿੰਘ |
| Remainder of title | ਦਰਸ਼ਨ, ਰੂਪ ਤੇ ਅਭਿਆਸ / |
| 246 ## - VARYING FORM OF TITLE | |
| Title proper/short title | Ardas : darshan, rup te abhiaan / |
| Remainder of title | by Jaswant Singh Neki |
| 260 ## - PUBLICATION, DISTRIBUTION, ETC. (IMPRINT) | |
| Place of publication, distribution, etc | ਅੰਮ੍ਰਿਤਸਰ |
| Name of publisher, distributor, etc | ਸਿੰਘ ਬ੍ਰਦਰਜ਼ |
| Date of publication, distribution, etc | 1989 |
| 270 ## - ADDRESS | |
| City | ਅੰਮ੍ਰਿਤਸਰ |
| Address | ਮਾਈ ਸੇਵਾਂ |
| 300 ## - PHYSICAL DESCRIPTION | |
| Extent | 357p. |
| Other physical details | 23cm(Hb) |
| 650 ## - SUBJECT ADDED ENTRY--TOPICAL TERM | |
| Topical term or geographic name as entry element | ਪੰਜਾਬੀ ਸਾਹਿਤ |
| Form subdivision | ਪੰਜਾਬੀ ਸਾਹਿਤ-ਜੀਵਨੀ |
| 9 (RLIN) | 3695 |
| 942 ## - ADDED ENTRY ELEMENTS (KOHA) | |
| Source of classification or shelving scheme | Dewey Decimal Classification |
| Koha item type | Punjabi Bks |
| Classification part | 260 |
| Call number suffix | ਨੇਕੀਜ |
| Withdrawn status | Lost status | Damaged status | Not for loan | Home library | Current library | Date acquired | Source of acquisition | Cost, normal purchase price | Total Checkouts | Full call number | Barcode | Date last seen | Date checked out | Copy number | Cost, replacement price | Price effective from | Koha item type |
|---|---|---|---|---|---|---|---|---|---|---|---|---|---|---|---|---|---|
| Central Library | Central Library | 11/02/2016 | Cen Lib/Ret | 75.00 | 2 | 260 ਨੇਕੀਜ | A-509718 | 09/03/2023 | 03/03/2023 | 1 | 75.00 | 11/02/2016 | Punjabi Bks | ||||
| Central Library | Central Library | 17/03/2016 | Cen Lib/Ret | 75.00 | 260 ਨੇਕੀਜ | A-509717 | 17/03/2016 | 1 | 75.00 | 17/03/2016 | Punjabi Bks |
